Statistiques concernant Focus sur: Bathilda Tourdesac - Harry Potter

Cliquez ici pour prendre le quiz!

Statistiques générales

  • Ce quiz a été pris 139 fois
  • Le résultat moyen est 4 sur 6

Statistiques - réponses

Informations recherchéesRéponses% Correct
Statut du sangSang-Pur
100%
Première mentionHarry Potter a l'école des sorciers
89%
Lieu de rencontre avec Harry PotterGodric's Hollow
70%
Petit-neveuGellert Grindelwald
62%
ProfessionHistorienne de la Magie
61%
Actrice l'interprétant dans les filmsHazel Douglas
20%

Distribution des résultats

Percentile par nombre de réponses

% des personnes avec chaque résultat

Votre développement - résultats

Vous n’avez pas pris ce quiz